¿Fin de la historia o fin de la democracia? / (Record no. 192664)

MARC details
000 -LEADER
campo de control de longitud fija 01413nam a2200385 i 4500
001 - NÚMERO DE CONTROL
campo de control 192664
003 - IDENTIFICADOR DE NÚMERO DE CONTROL
campo de control SpMaBN
005 - FECHA Y HORA DE LA ÚLTIMA TRANSACCIÓN
campo de control 20240224063118.0
008 - DATOS DE LONGITUD FIJA--INFORMACIÓN GENERAL
campo de control de longitud fija 230509s2022 sp | |||| 000 0 spa
017 ## - NÚMERO DE COPYRIGHT O DE DEPÓSITO LEGAL
Número de copyright o de depósito legal M 12716-2022
Agencia que asigna Oficina Depósito Legal Madrid
020 ## - NÚMERO INTERNACIONAL ESTÁNDAR DEL LIBRO
Número Internacional Estándar del Libro 9788418633966
040 ## - FUENTE DE CATALOGACIÓN
Centro catalogador/agencia de origen SpMaBN
Lengua de catalogación spa
Centro/agencia transcriptor ES-MaACL
Normas de descripción rda
080 ## - NÚMERO DE LA CLASIFICACIÓN DECIMAL UNIVERSAL
Número de la Clasificación Decimal Universal 32(100)"20"
080 ## - NÚMERO DE LA CLASIFICACIÓN DECIMAL UNIVERSAL
Número de la Clasificación Decimal Universal 32(460)"20"
080 ## - NÚMERO DE LA CLASIFICACIÓN DECIMAL UNIVERSAL
Número de la Clasificación Decimal Universal 159.955.5
100 ## - ENTRADA PRINCIPAL--NOMBRE DE PERSONA
Nombre de persona Martín Campillo, Francisco Javier
Término indicativo de función/relación Autor
9 (RLIN) 176492
245 10 - MENCIÓN DEL TÍTULO
Título ¿Fin de la historia o fin de la democracia? /
Mención de responsabilidad, etc. Francisco Javier Martín Campillo.
250 ## - MENCION DE EDICION
Mención de edición Primera edición: mayo de 2022
264 #1 - PRODUCCIÓN, PUBLICACIÓN, DISTRIBUCIÓN, FABRICACIÓN Y COPYRIGHT
Producción, publicación, distribución, fabricación y copyright Tres Cantos (Madrid) :
Nombre del de productor, editor, distribuidor, fabricante Bohodón Ediciones,
Fecha de producción, publicación, distribución, fabricación o copyright 2022
300 ## - DESCRIPCIÓN FÍSICA
Extensión 110 páginas ;
Dimensiones 21 cm
336 ## - TIPO DE CONTENIDO
Término de tipo de contenido Texto
Fuente rdacontent
337 ## - TIPO DE MEDIO
Nombre/término del tipo de medio sin mediación
Fuente rdamedia
338 ## - TIPO DE SOPORTE
Nombre/término del tipo de soporte volumen
Fuente rdacarrier
490 1# - MENCIÓN DE SERIE
Mención de serie Colección autor
500 ## - NOTA GENERAL
Nota general Índice
650 #0 - PUNTO DE ACCESO ADICIONAL DE MATERIA--TÉRMINO DE MATERIA
Término de materia o nombre geográfico como elemento de entrada Política mundial-
Subdivisión cronológica S.XXI
9 (RLIN) 176493
650 #0 - PUNTO DE ACCESO ADICIONAL DE MATERIA--TÉRMINO DE MATERIA
Término de materia o nombre geográfico como elemento de entrada Política-
Subdivisión geográfica España-
Subdivisión cronológica S.XXI
9 (RLIN) 176494
650 #0 - PUNTO DE ACCESO ADICIONAL DE MATERIA--TÉRMINO DE MATERIA
Término de materia o nombre geográfico como elemento de entrada Pensamiento crítico
Fuente del encabezamiento o término embne
9 (RLIN) 176495
830 1# - PUNTO DE ACCESO ADICIONAL DE SERIE-TÍTULO UNIFORME
Título uniforme Colección autor (Bohodón Ediciones)
9 (RLIN) 193620
852 ## - LOCALIZACIÓN
Ubicación ES-MaACL
Sublocalización o colección R.153349
Número de control de estantería N-8256
Encuadernación Donación: Francisco Javier Martín Campillo
Nota libre Dedicatoria autógrafa del autor
Ubicación en estantería Depósito J
itemnumber 199963
903 ## - NOMBRE PERSONAL DE DONANTE
a Martín Campillo, Francisco Javier
e Donante
9 176492
942 ## - ELEMENTOS DE ENTRADA SECUNDARIOS (KOHA)
Tipo de ítem Koha Libro impreso
Suprimir en OPAC No
Holdings
Estatus retirado Estado de pérdida Fuente del sistema de clasificación o colocación Estado de daño No para préstamo Colección Biblioteca de origen Biblioteca actual Ubicación en estantería Fecha de adquisición Fuente de adquisición Número de control de estantería Total de préstamos Signatura topográfica completa Código de barras Visto por última vez Tipo de ítem Koha Nota pública
    Clasificación decimal universal     Libros con dedicatorias Biblioteca del Ateneo de Madrid Biblioteca del Ateneo de Madrid Depósito J 20/05/2022 Donación Ateneísta   N-8256 101205264 09/05/2023 Libro impreso Dedicatoria autógrafa del autor